000
00312nam a2200121Ia 4500
008
191201s2001 xx 000 0 und d
100
_a
GUPTA, P.V.
245
0
_a
Network and Analysis and Synthesis
260
_a
N. Delhi
_b
Dhanpat Rai Pubn (P) Ltd
_c
2001
300
_a
543
650
_a
B.Tech(ECE)
942
_2
ddc
_c
BK
999
_c
401
_d
401